| Tag |
First Indicator |
Second Indicator |
Subfields |
| LEADER |
00000cam a2200000 a 4500 |
| 001 |
in00003856513 |
| 005 |
20190415182237.0 |
| 006 |
m o d |
| 007 |
cr |n||||||||n |
| 008 |
040722s1878 gw ob 001 0 ger d |
| 035 |
|
|
|a (MiFhGG)MOMW201922
|
| 035 |
|
|
|a (OCoLC)778045973
|
| 040 |
|
|
|a TGPSM
|c UtOrBLW
|d UtOrBLW
|
| 050 |
|
4 |
|a B82
|b .D865 1878
|
| 100 |
1 |
|
|a Dühring, E.
|q (Eugen),
|d 1833-1921.
|0 http://id.loc.gov/authorities/names/n80104393
|
| 245 |
1 |
0 |
|a Kritische Geschichte der Philosophie von ihren Anfängen bis zur Gegenwar /
|c von E. Dühring.
|
| 246 |
3 |
0 |
|a Geschichte der Philosophie von ihren Anfängen bis zur Gegenwart
|
| 246 |
3 |
0 |
|a Geschichte der Philosophie
|
| 250 |
|
|
|a 3., theilweise umgearbeitet Aufl.
|
| 264 |
|
1 |
|a Leipzig [Germany] :
|b Fues's Verlag (R. Reisland),
|c 1878.
|
| 300 |
|
|
|a 1 online resource (xiii, 543 pages).
|
| 336 |
|
|
|a text
|b txt
|2 rdacontent
|
| 337 |
|
|
|a computer
|b c
|2 rdamedia
|
| 338 |
|
|
|a online resource
|b cr
|2 rdacarrier
|
| 490 |
1 |
|
|a The making of the modern world. Part 2 (1851-1914)
|
| 500 |
|
|
|a Reproduction of the original from the Hiroshima University of Economics.
|
| 504 |
|
|
|a Includes bibliographical references and index.
|
| 500 |
|
|
|a Electronic resource.
|
| 650 |
|
0 |
|a Philosophy
|x History.
|0 http://id.loc.gov/authorities/subjects/sh85100850
|
| 655 |
|
7 |
|a Electronic books.
|2 local
|
| 710 |
2 |
|
|a Gale (Firm)
|0 http://id.loc.gov/authorities/names/no2008071348
|
| 830 |
|
0 |
|a Making of the modern world. Part 2 (1851-1914)
|
| 856 |
|
|
|u http://proxy.library.tamu.edu/login?url=http://find.galegroup.com/openurl/openurl?url_ver=Z39.88-2004&url_ctx_fmt=info:ofi/fmt:kev:mtx:ctx&res_id=info:sid/gale:MOME&ctx_enc=info:ofi:enc:UTF-8&rft_val_fmt=info:ofi/fmt:kev:mtx:unknown&rft.artnum=U112188813&req_dat=info:sid/gale:ugnid:txshracd2898
|z Connect to the full text of this electronic book
|
| 999 |
f |
f |
|s cdbea3cb-b3dc-304a-bfc7-03be9de48821
|i 0bad319d-9ac5-3cff-b320-fb2cb3905c7c
|t 0
|
| 952 |
f |
f |
|a Texas A&M University
|b College Station
|c Electronic Resources
|d Available Online
|t 0
|e B82 .D865 1878
|h Library of Congress classification
|
| 998 |
f |
f |
|a B82 .D865 1878
|t 0
|l Available Online
|